000
00153nam a2200085Ia 4500
100
_a
GARY KINDER
942
_c
BK
245
_a
SHIP OF GOLD
260
_b
#N/A
999
_c
25057
_d
25057